Culture Générale - Série 985 - Statistiques

Statistiques générales
  • Ce quiz a été pris 146 fois
  • Le résultat moyen est 5 sur 10
Statistiques - réponses
Question Réponse % Correct
Selon l'expression, lorsqu'on y va franchement, "on y va pas avec le dos de la... cuiller
97%
La personne hypocrite qui prend des airs innonents et prudes est appelée une "sainte .... Nitouche
96%
Quelle est la capitale de l'Équateur ? Quito
88%
Sur quelle île grecque se situe la ville d'Héraklion ? Crète
76%
Dans la série d'animation "Dora l'exploratrice", quel est le prénom de son ami le singe ? Babouche
53%
Selon les paroles d'une chanson de 1995, "Ce soir chez Boris, c'est soirée... disco
47%
Quel chanteur Noir américain fut tué de plusieurs balles par son père en avril 1984 ? Marvin Gaye
33%
Dans la série des années 1950, qui est le maître de Rintintin ? Rusty
19%
Autrefois, le jour de paie était appelé familièrement la sainte-... touche
15%
Comment appelle-t-on traditionnellement l'écuyer en chef du Cadre Noir de Saumur ? Grand Dieu
2%
Aucun quiz correspondant
Distribution des résultats
% des personnes avec chaque résultat
Percentile par nombre de réponses
Votre historique - résultats
Vous n’avez pas pris ce quiz